| 000 | 00847pam a2200253 a 4500 | ||
|---|---|---|---|
| 001 | 2487446 | ||
| 005 | 20180308032455.0 | ||
| 008 | 910621s1992 cou b 001 0 eng | ||
| 010 | _a 91025811 | ||
| 020 |
_a1555872344 (alk. paper) : _c$35.00 |
||
| 020 |
_a1555872859 (pbk. : alk. paper) : _c$16.95 |
||
| 040 |
_aDLC _cDLC _dDLC |
||
| 041 | _aeng | ||
| 043 | _af------ | ||
| 080 | _a323.042096 HYD | ||
| 082 | 0 | 0 |
_a323.042096 HYD _220 |
| 100 | _a20 | ||
| 101 | _aPOL | ||
| 245 | 0 | 0 |
_aGovernance and politics in Africa / _cedited by Göran Hydén and Michael Bratton. |
| 504 | _aIncludes bibliographical references (p. 285-316) and index. | ||
| 906 |
_a7 _bcbc _corignew _d1 _eocip _f19 _gy-gencatlg |
||
| 942 |
_2ddc _cBK |
||
| 999 |
_c44359 _d44359 |
||